000 00656nam a22002057a 4500
003 PILC
005 20150515112240.0
008 150515b xxu||||| |||| 00| 0 eng d
050 _aLB 3061
_b.G652 1963
100 _aGoodlad, John I.
245 _aThe nongraded elementary school /
_cJohn I. Goodlad, Robert H. Anderson.
250 _aRevised ed.
260 _aNew York :
_bHarcourt, Brace & World, Inc.
_c1963.
300 _aviii, 248 pages :
_billustrations ;
_c22 cm.
500 _aIncludes bibliographical references and index.
521 _aEducation
650 _aNongraded schools.
700 _aAnderson, Robert H.
942 _2lcc
_cBK
_kFOR
999 _c283990
_d283990